000 00564nam a2200181Ia 4500
003 GCL
008 140319s9999 xx 000 0 ara d
040 _aGCL /
_cGCL
082 0 4 _a410.7
_bم ط
100 1 _aمحمد عبدالقادر احمد عطا
245 1 0 _aطرق تعليم اللغة العربية, ط1 /
_cمحمد عبدالقادر احمد عطا
260 _a[S.N] :
_bالنهضه المصرية ،
_c1979
300 _a311 ص
490 _a
650 0 4 _aاللغة العربية
650 0 4 _aتعليم وتدريس
942 _2ddc
_cBK
999 _c52856
_d52856